Cuando has nacido no hay dónde esconderse / (Record no. 195733)

MARC details
000 -LEADER
campo de control de longitud fija 01092nam a2200301 i 4500
001 - NÚMERO DE CONTROL
campo de control 195733
003 - IDENTIFICADOR DE NÚMERO DE CONTROL
campo de control ES-MaACL
005 - FECHA Y HORA DE LA ÚLTIMA TRANSACCIÓN
campo de control 20250302063100.0
008 - DATOS DE LONGITUD FIJA--INFORMACIÓN GENERAL
campo de control de longitud fija 250110s2006 ag 000 1 spa||
020 ## - NÚMERO INTERNACIONAL ESTÁNDAR DEL LIBRO
Número Internacional Estándar del Libro 9781156413
035 ## - NÚMERO DE CONTROL DEL SISTEMA
Número de control de sistema CCBIP02849996
040 ## - FUENTE DE CATALOGACIÓN
Centro catalogador/agencia de origen ES-BaSLP
Lengua de catalogación cat
Centro/agencia transcriptor ES-BaSLP
Centro/agencia modificador ES-MaACL
080 ## - NÚMERO DE LA CLASIFICACIÓN DECIMAL UNIVERSAL
Número de la Clasificación Decimal Universal 850-3"19"
100 ## - ENTRADA PRINCIPAL--NOMBRE DE PERSONA
Nombre de persona Ottieri, Maria Pace
9 (RLIN) 237405
Término indicativo de función/relación Autor
245 10 - MENCIÓN DEL TÍTULO
Título Cuando has nacido no hay dónde esconderse /
Mención de responsabilidad, etc. Maria Pace Ottieri ; traducción de Alejandro Manara.
260 ## - PUBLICACIÓN, DISTRIBUCIÓN, ETC.
Lugar de publicación, distribución, etc. Buenos Aires :
Nombre del editor, distribuidor, etc. Adriana Hidalgo,
Fecha de publicación, distribución, etc. 2006.
300 ## - DESCRIPCIÓN FÍSICA
Extensión 169 p. ;
Dimensiones 20 cm.
490 1# - MENCIÓN DE SERIE
Mención de serie Temas y debates
490 1# - MENCIÓN DE SERIE
Mención de serie Narrativas / Adriana Hidalgo
650 #4 - PUNTO DE ACCESO ADICIONAL DE MATERIA--TÉRMINO DE MATERIA
9 (RLIN) 12182
Término de materia o nombre geográfico como elemento de entrada Emigración e inmigración
830 ## - PUNTO DE ACCESO ADICIONAL DE SERIE-TÍTULO UNIFORME
Título uniforme Temas y debates
9 (RLIN) 239441
830 ## - PUNTO DE ACCESO ADICIONAL DE SERIE-TÍTULO UNIFORME
Título uniforme Narrativas (Adriana Hidalgo)
9 (RLIN) 239442
852 ## - LOCALIZACIÓN
Ubicación ES-MaACL
Ubicación en estantería Depósito J
Número de control de estantería N-8739
Donativo/Legado Donación: Editorial
Encuadernación Encuadernación rústica
itemnumber 204020
942 ## - ELEMENTOS DE ENTRADA SECUNDARIOS (KOHA)
Fuente del sistema de clasificación o colocación Clasificación decimal universal
Suprimir en OPAC No
Tipo de ítem Koha Libro impreso
Holdings
Estatus retirado Estado de pérdida Fuente del sistema de clasificación o colocación Estado de daño No para préstamo Biblioteca de origen Biblioteca actual Ubicación en estantería Fecha de adquisición Fuente de adquisición Total de préstamos Signatura topográfica completa Código de barras Visto por última vez Precio de reemplazo Tipo de ítem Koha
    Clasificación decimal universal     Biblioteca del Ateneo de Madrid Biblioteca del Ateneo de Madrid Depósito J 10/01/2025 Donación   N-8739 101229334 10/01/2025 10/01/2025 Libro impreso